000 00356 a2200145 4500
001 160147
020 _a
040 _cMagnum
100 _aMori, Nerli Nonato Ribeiro
240 1 0 _aUma experiencia de alfabetizacao com repetentes
_lpor
245 1 0 _aUma experiencia de alfabetizacao com repetentes
362 0 _a1899
697 _aENSINO
942 _cBK
999 _c160147
_d160147